KOHA-Header-6

Muslim Family Laws (Record no. 13544)

000 -LEADER
fixed length control field 00291nam a22001217a 4500
082 ## - DEWEY DECIMAL CLASSIFICATION NUMBER
Classification number 346.54
Item number HAL
100 ## - MAIN ENTRY--AUTHOR NAME
Personal name Shaikh Abdul Halim
245 ## - TITLE STATEMENT
Title Muslim Family Laws
260 ## - PUBLICATION, DISTRIBUTION, ETC. (IMPRINT)
Place of publication Lahore
Name of publisher P.L.D. Publishers
Year of publication 1996
300 ## - PHYSICAL DESCRIPTION
Number of Pages various Pagination
650 ## - SUBJECT ADDED ENTRY--TOPICAL TERM
Topical Term Islam, Laws, Muslim
942 ## - ADDED ENTRY ELEMENTS (KOHA)
Koha item type Books
Holdings
Withdrawn status Lost status Collection code Permanent Location Current Location Shelving location Date acquired Full call number Accession Number Koha item type
    Law MAJU MAJU Shelf No.A46 2022-12-13 346.54 HAL 10641 Books

Powered by Koha